|
|
|
|
| LEADER |
00000naa2a2200000 4500 |
| 001 |
383470 |
| 005 |
20231101063131.0 |
| 035 |
|
|
|a (RuTPU)RU\TPU\prd\9304
|
| 090 |
|
|
|a 383470
|
| 100 |
|
|
|a 20021219a2002 k y0rusy50 ca
|
| 101 |
0 |
|
|a rus
|
| 102 |
|
|
|a UA
|
| 200 |
1 |
|
|a Режимные параметры бинарных теплоутилизационных комплексов на базе периодически эксплуатируемых тепловых агрегатов
|f В. Д. Петраш
|
| 225 |
1 |
|
|a Топливо и энергетика
|
| 320 |
|
|
|a Библиогр.: 4 назв.
|
| 461 |
|
1 |
|0 (RuTPU)RU\TPU\prd\1029
|x 0235-3482
|t Экотехнологии и ресурсосбережение
|o научно-технический журнал
|f Национальная академия наук Украины (НАНУ) ; Институт газа Украины
|d 1994-2008
|
| 463 |
|
1 |
|0 (RuTPU)RU\TPU\prd\3563
|t № 2
|v С. 20-22
|d 2002
|
| 610 |
1 |
|
|a теплоутилизация
|
| 610 |
1 |
|
|a тепловые агрегаты
|
| 610 |
1 |
|
|a воздухоструйное охлаждение
|
| 675 |
|
|
|a 697:662.99
|v 3
|
| 700 |
|
1 |
|a Петраш
|b В. Д.
|
| 801 |
|
1 |
|a RU
|b 63413507
|c 20021219
|g PSBO
|
| 801 |
|
2 |
|a RU
|b 63413507
|c 20120412
|g RCR
|
| 942 |
|
|
|c BK
|